Statistiken für Alle Pokémon ohne Entwicklung

Klicken Sie hier um das Quiz zu spielen!

Allgemein

  • Dieses Quiz wurde 49 mal gespielt
    (15 seit der letzten Aktualisierung)
  • Das Durchschnittsergebnis liegt bei 140 aus 201

Antwortstatistiken

Pokémon% Korrekt
Adebom
100%
Absol
80%
Anego
80%
Arktos
80%
Baojian
80%
Bisofank
80%
Boreos
80%
Botogel
80%
Brüllschweif
80%
Celebi
80%
Coiffwaff
80%
Coronospa
80%
Cresselia
80%
Darkrai
80%
Demeteros
80%
Dialga
80%
Diancie
80%
Donnersichel
80%
Eisenblatt
80%
Eisenbündel
80%
Eisendorn
80%
Eisenfalter
80%
Eisenfels
80%
Eisenhals
80%
Eisenhand
80%
Eisenhaupt
80%
Eisenkrieger
80%
Eisenrad
80%
Entei
80%
Farbeagle
80%
Flatterhaar
80%
Furienblitz
80%
Genesect
80%
Giratina
80%
Groudon
80%
Heatran
80%
Heerashai
80%
Ho -oh
80%
Hoopa
80%
Icognito
80%
Jirachi
80%
Kapu -Fala
80%
Kapu -Kime
80%
Kapu -Riki
80%
Kapu -Toro
80%
Katagami
80%
Keilflamme
80%
Keldeo
80%
Klibbe
80%
Knirfish
80%
Kobalium
80%
Koraidon
80%
Kriechflügel
80%
Kubuin
80%
Kyogre
80%
Kyurem
80%
Lavados
80%
Lugia
80%
Lusardin
80%
Magearna
80%
Manaphy
80%
Masskito
80%
Meloetta
80%
Mew
80%
Mewtu
80%
Miraidon
80%
Muramura
80%
Nigiragi
80%
Palkia
80%
Phantoross
80%
Phione
80%
Polaross
80%
Raikou
80%
Rayquaza
80%
Regice
80%
Regidrago
80%
Regieleki
80%
Regigigas
80%
Regirock
80%
Registeel
80%
Reshiram
80%
Resladero
80%
Rocara
80%
Rotom
80%
Sandfell
80%
Schlingking
80%
Selfe
80%
Sengo
80%
Suicune
80%
Symvolara
80%
Tauros
80%
Terrakium
80%
Tobutz
80%
Tortunator
80%
Venuflibis
80%
Vesprit
80%
Vipitis
80%
Viridium
80%
Volcanion
80%
Voltolos
80%
Voltriant
80%
Windewoge
80%
Wutpilz
80%
Xerneas
80%
Yuyu
80%
Yveltal
80%
Zacian
80%
Zamazenta
80%
Zapdos
80%
Zarude
80%
Zekrom
80%
Zeraora
80%
Zygarde
80%
Aerodactyl
60%
Agiluza
60%
Arceus
60%
Beatori
60%
Benesaru
60%
Boninu
60%
Britzigel
60%
Chongjian
60%
Choreogel
60%
Clavion
60%
Cupidos
60%
Curelei
60%
Dedenne
60%
Deoxys
60%
Dinglu
60%
Ditto
60%
Emolga
60%
Endynalos
60%
Fermicula
60%
Flaminkno
60%
Formeo
60%
Frigometri
60%
Furnifraß
60%
Gufa
60%
Humanolith
60%
Illumise
60%
Infamomo
60%
Jiutesto
60%
Kaguron
60%
Kangama
60%
Karadonis
60%
Kecleon
60%
Koalelu
60%
Kommandutan
60%
Kopplosio
60%
Krawalloro
60%
Kryppuk
60%
Lapras
60%
Latias
60%
Latios
60%
Liebiskus
60%
Lunastein
60%
Maracamba
60%
Marshadow
60%
Meteno
60%
Miltank
60%
Mimigma
60%
Mopex
60%
Morpeko
60%
Moruda
60%
Necrozma
60%
Ohrdoch
60%
Pachirisu
60%
Pandir
60%
Plaudagei
60%
Pottrott
60%
Quartermak
60%
Qurtel
60%
Relicanth
60%
Riesenzahn
60%
Schabelle
60%
Schlurm
60%
Sen -Long
60%
Servol
60%
Shardrago
60%
Shaymin
60%
Sonnfel
60%
Terapagos
60%
Togedemaru
60%
Tropius
60%
Urgl
60%
Victini
60%
Volbeat
60%
Flunkifer
40%
Flunschlik
40%
Lecryodon
40%
Lectragon
40%
Legios
40%
Mamolida
40%
Minun
40%
Ogerpon
40%
Panzaeron
40%
Pescragon
40%
Pescryodon
40%
Pinsir
40%
Plusle
40%
Skaraborn
40%
Zobiris
40%

Verteilung der Resultate

Perzentil nach korrekt beantworteten Fragen

Anzahl Personen mit jedem Resultat

Ihre Resultats-Entwicklung

Sie haben dieses Quiz seit der letzten Aktualisierung nicht gespielt